000 00867nam a2200241 4500
003 OSt
005 20260530113916.0
008 260508b1998 dk ||||| |||| 00| 0 eng d
020 _a01084135
040 _aICI
_bspa
_cICI
_erda
050 0 0 _aNA1211
_bL58 1998
245 0 0 _aLiving architecture No. 16 /
_beditor and publisher, Per Nagel.
264 1 _aCopenhagen :
_bLiving Architecture ApS,
_c1998.
300 _a208 páginas :
_bilustraciones (principalmente a color) ;
336 _2rdacontent
_atexto
337 _2rdamedia
_asin medio
338 _2rdacarrier
_avolumen
500 _aTítulo de la cubierta.
650 4 _aArquitectura
_v Publicaciones periódicas.
_y Siglo XX
_z Escandinavia
_934153
650 4 _aDiseño de interiores
_v Publicaciones periódicas.
_z Escandinavia
_934154
700 1 _aNagel, Per,
_e editor.
_934155
942 _2lcc
_n1
_cBK
999 _c12306
_d12306